Best of speaking tree (Record no. 9412)

MARC details
000 -LEADER
fixed length control field 00529cam a2200205ua 4500
001 - CONTROL NUMBER
control field 10433
005 - DATE AND TIME OF LATEST TRANSACTION
control field 20260515114625.0
008 - FIXED-LENGTH DATA ELEMENTS--GENERAL INFORMATION
fixed length control field 190214n ii |||gr||||Z||||||eng
020 ## - INTERNATIONAL STANDARD BOOK NUMBER
International Standard Book Number 9789382299462
040 ## - CATALOGING SOURCE
Transcribing agency MAIN
041 ## - LANGUAGE CODE
Language code of text/sound track or separate title eng
082 ## - DEWEY DECIMAL CLASSIFICATION NUMBER
Classification number 828
245 ## - TITLE STATEMENT
Title Best of speaking tree
250 ## - EDITION STATEMENT
Edition statement 1st ed./ rep. /
Remainder of edition statement V.8.
260 ## - PUBLICATION, DISTRIBUTION, ETC.
Place of publication, distribution, etc. New Delhi:
Name of publisher, distributor, etc. Bennett, coleman and co. ltd.,
Date of publication, distribution, etc. 2013.
300 ## - PHYSICAL DESCRIPTION
Extent 176p.
653 ## - INDEX TERM--UNCONTROLLED
Uncontrolled term English miscellaneous writings
653 ## - INDEX TERM--UNCONTROLLED
Uncontrolled term Selections from The times of India 2012
942 ## - ADDED ENTRY ELEMENTS (KOHA)
Koha item type Books
Holdings
Withdrawn status Lost status Damaged status Not for loan Home library Current library Shelving location Date acquired Total checkouts Full call number Barcode Date last seen Copy number Price effective from Koha item type
        Naharkatiya College Library Naharkatiya College Library General stacks 09/19/2020   828 | BES 24131 09/19/2020 1 09/19/2020 Books